Die Mediterreense miljoenêr se onwillige minnares / (Record no. 777557)

MARC details
000 -LEADER
fixed length control field 00787nam a22002417b 4500
003 - CONTROL NUMBER IDENTIFIER
control field 3228
005 - DATE AND TIME OF LATEST TRANSACTION
control field 20260304125239.0
008 - FIXED-LENGTH DATA ELEMENTS--GENERAL INFORMATION
fixed length control field 250610b sa |||||d|||| 00| 1 AFR d
020 ## - INTERNATIONAL STANDARD BOOK NUMBER
International Standard Book Number 9781415012383 (paperback)
040 ## - CATALOGING SOURCE
Original cataloging agency MPL
Transcribing agency 3228
Language of cataloging eng
Description conventions Resource Description and Access
041 ## - LANGUAGE CODE
Language code of text/sound track or separate title Afrikaans
082 ## - DEWEY DECIMAL CLASSIFICATION NUMBER
Classification number LP AF MORT
100 ## - MAIN ENTRY--PERSONAL NAME
Personal name Mortimer, Carole
9 (RLIN) 141172
Relator term author
245 ## - TITLE STATEMENT
Title Die Mediterreense miljoenêr se onwillige minnares /
Statement of responsibility, etc. Carole Mortimer ; vertaal deur Truida Zimmermann
260 ## - PUBLICATION, DISTRIBUTION, ETC.
Place of publication, distribution, etc. Parklands :
Name of publisher, distributor, etc. Jacklin Uitgewers ,
Date of publication, distribution, etc. ©2007,
-- 2008.
300 ## - PHYSICAL DESCRIPTION
Extent 188 pages:
Dimensions 21 cm
490 ## - SERIES STATEMENT
Series statement Mills & Boon: Modern
655 #0 - INDEX TERM--GENRE/FORM
9 (RLIN) 189056
Genre/form data or focus term Afrikaans Fiction
655 #0 - INDEX TERM--GENRE/FORM
9 (RLIN) 198295
Genre/form data or focus term Large Print
655 #0 - INDEX TERM--GENRE/FORM
9 (RLIN) 188216
Genre/form data or focus term Light Romance
700 ## - ADDED ENTRY--PERSONAL NAME
9 (RLIN) 198705
Personal name Zimmermann, Truida
Relator term translator
942 ## - ADDED ENTRY ELEMENTS
Source of classification or shelving scheme Dewey Decimal Classification
item type Books
-- 296
-- Phillipina Naude
Holdings
Withdrawn status Lost status Source of classification or shelving scheme Damaged status Not for loan Collection code Home library Current library Shelving location Date acquired Total Checkouts Full call number Barcode Date last seen Price effective from item type Public note
    Dewey Decimal Classification     Fiction Klipfontein PL (MMID-PLEM-KLIP) Klipfontein PL (MMID-PLEM-KLIP) Fiction 04.03.2026   LP AF MORT 33228021475049 04.03.2026 04.03.2026 Books 166470
    Dewey Decimal Classification     Fiction Volksrust Volksrust Fiction 16.04.2026   LP AF MORT 33228022254773 16.04.2026 16.04.2026 Books  
    Dewey Decimal Classification     Fiction ZM Mkhwanazi Public Library ZM Mkhwanazi Public Library Fiction 10.06.2025   AF MORT 3228200039463 10.06.2025 10.06.2025 Book